header

Leadership without easy answers (Record no. 51246)

MARC details
000 -LEADER
fixed length control field 01191nam a2200301Ia 4500
100 1# - MAIN ENTRY--AUTHOR NAME
Personal name Heifetz, Ronald A.
245 10 - TITLE STATEMENT
Title Leadership without easy answers
260 ## - PUBLICATION, DISTRIBUTION, ETC. (IMPRINT)
Place of publication Cambridge, MA :
Name of publisher Belknap Press of Harvard University Press,
Year of publication 1994.
300 ## - PHYSICAL DESCRIPTION
Number of Pages xi, 348 p.
650 #0 - SUBJECT ADDED ENTRY--TOPICAL TERM
Topical Term Leadership.
Topical Term Social psychology.
856 40 - ELECTRONIC LOCATION AND ACCESS
Uniform Resource Identifier http://site.ebrary.com/lib/rucke/Doc?id=10331286

No items available.

© 2026 Rongo University
Contact us: librarian | system librarian | Rongo university